000 00752nam a2200217Ii 4500
003 JO-AjNU
008 230605s9999||||xx |||||||||||||| ||und||
017 _a1996/5/659
040 _aJO-AjNU
_bara
_erda
_cJO-AjNU
041 _aara
050 1 4 _aD412.7.S24.1996
100 3 _aسعيد، الصاقي,
_eauthor
_946890
245 0 0 _aالحمى 42c: لا أنبياء ولا شياطين
250 _aط1
264 3 1 _aبيروت: عمان: بيسان للنشر والتوزيع؛ مكتبة دار الثقافة، 1996
300 _a477ص
336 _atext
_btxt
_2rdacontent
337 _aunmediated
_bn
_2rdamedia
338 _avolume
_bnc
_2rdacarrier
650 4 _aالتاريخ والجغرافيا، الساسيون- تراجم
_946891
999 _aA20431
_c23999
_d23999